Divisions and Authority Claims in Babism (1850-1866) (Record no. 23759)
[ view plain ]
| 000 -LEADER | |
|---|---|
| fixed length control field | 01021nam a2200121Ia 4500 |
| 008 - FIXED-LENGTH DATA ELEMENTS--GENERAL INFORMATION | |
| fixed length control field | 180225s1989 CNT 000 0 und d |
| 245 10 - TITLE STATEMENT | |
| Title | Divisions and Authority Claims in Babism (1850-1866) |
| 520 3# - SUMMARY, ETC. | |
| Summary, etc. | This is a continuation of the author's "Hierarchy, Authority, and Eschatology in Early Bábí Thought", in In Iran (Studies in Bábí and Bahá'í History ; v.3). MacEoin deals with the succession to the Báb, the claims by individuals to theophanic status in the period immediately following the Báb's execution, and the growing ascendancy and claims of Bahá'u'lláh. MacEoin concludes that the Báb fully intended Mírzá Yahyá Subh-i-Azal to be his successor, that he did not predict a succeeding Manifestation to arise for several centuries, and that Bahá'u'lláh's claims represent an extreme form of Shi'i and Bábí theophany. |
| 690 ## - LOCAL SUBJECT ADDED ENTRY--TOPICAL TERM (OCLC, RLIN) | |
| Topical term or geographic name as entry element | BABISM |
| 700 1# - ADDED ENTRY--PERSONAL NAME | |
| Personal name | MacEoin, Denis |
| 773 ## - HOST ITEM ENTRY | |
| Title | Studia Iranica (Paris) |
| Related parts | 18, 93-129 |
| 856 41 - ELECTRONIC LOCATION AND ACCESS | |
| Materials specified | |
| Host name | internal-pdf://1422943099/maceoin_authority_claims_babism.pdf |
No items available.
